Derechos sexuales y reproductivos

Guardat en:
Dades bibliogràfiques
Autor principal: Pérez Ceballos, Alejandra
Altres autors: López Hernández, Hernán
Format: Desconegut
Idioma:anglès
Publicat: Santiago, Chile. Ediciones Der, 2021
Edició:Primera edición
Col·lecció:CJAJ. Cuadernos Jurídicos de la Academia Judicial
Matèries:
Etiquetes: Afegir etiqueta
Sense etiquetes, Sigues el primer a etiquetar aquest registre!

MARC

LEADER 00000 a2200000 4500
003 CL-VaPUC
005 20211130120528.0
008 211102b2021 ||||| |||| 00| 0 eng d
999 |c 433782  |d 433780 
020 |a 9789564050096 
040 |c Pontificia Universidad Católica de Valparaíso 
082 |a 346.013 PER 2021 
100 1 |a Pérez Ceballos, Alejandra  |9 863821 
245 1 0 |a Derechos sexuales y reproductivos 
250 |a Primera edición  
260 |a Santiago, Chile.   |b Ediciones Der,   |c 2021 
300 |a 160 páginas  
490 |a CJAJ. Cuadernos Jurídicos de la Academia Judicial 
583 |k Cristina María Rojas Aguilar  |c 20211102 
650 0 |a Derechos sexuales y reproductivos  |9 860513 
700 |a López Hernández, Hernán   |9 864060 
942 |2 ddc  |c BK 
952 |0 0  |1 0  |2 ddc  |4 0  |6 346_013000000000000_PER_2021  |7 0  |8 A  |9 579082  |a BIBDER  |b BIBDER  |d 2021-11-02  |e 22  |g 16000.00  |i 5589843  |l 1  |o 346.013 PER 2021  |p 5589843  |r 2023-01-25  |s 2022-04-21  |t 1  |v 16000.00  |w 2021-11-02  |y BK  |k DER